مشروع معجم عربى - ملايوى ((فى مصطلحات الدبلوماسية و السياسة و الدولة))
Saved in:
| 主要作者: | |
|---|---|
| 其他作者: | |
| 格式: | Thesis |
| 語言: | Arabic |
| 出版: |
خرطوم
: معهد خرطوم دولى غة عربية،
1992
|
| 主題: | |
| 標簽: |
添加標簽
沒有標簽, 成為第一個標記此記錄!
|
| LEADER | 015870000a22003730004500 | ||
|---|---|---|---|
| 001 | 89246 | ||
| 005 | 20090128085300.0 | ||
| 008 | 940202s1992 ara | ||
| 035 | |a 295549 | ||
| 035 | |a (Sirsi) 89246 | ||
| 040 | |a UIAM |b eng | ||
| 049 | |b m | ||
| 050 | |a PJ6636M3 | ||
| 100 | 1 | |a عدنان بن عاوى بسا | |
| 245 | 1 | 0 | |a مشروع معجم عربى - ملايوى ((فى مصطلحات الدبلوماسية و السياسة و الدولة)) |
| 246 | 0 | 0 | |a Mashru' mu'jam 'Arabi - Malayuwi :fi al-mustalahat al-diblumasiyah wa-al-siyasiyah wa-al-dawliyah / |c i'dad 'Adnanj 'Awi Basa; ishraf 'Awn al-Sharif Qasim |
| 260 | 1 | |a خرطوم |b : معهد خرطوم دولى غة عربية، |c 1992 | |
| 300 | |a 217 p. ;34 cm. | ||
| 502 | |a (M.A.)--Ma'had al-Khartum al-Dawli lil-Lughat al-'Arabiyah, 1992 | ||
| 596 | |a 1 | ||
| 650 | 8 | |a لغة عربية |x معاجم ملايو | |
| 650 | 8 | |a لغة الملايوية |x معاجم عربى | |
| 650 | 8 | |a دبلوماسية |x معادم عربى | |
| 650 | 8 | |a دبلوماسية |x معاجم ملايوية | |
| 650 | 8 | |a رسالة جامعية | |
| 650 | 0 | |a Arabic language |v Dictionaries |x Malay | |
| 650 | 0 | |a Malay language |v Dictionaries |x Arabic | |
| 650 | 0 | |a Diplomacy - Dictionaries - Arabic | |
| 650 | 0 | |a Diplomacy - Dictionaries - Malay | |
| 655 | 0 | 7 | |a Theses, non-IIUM |
| 700 | 0 | |a Adnang Awi Basa | |
| 900 | |a checked a r r 120496-naw | ||
| 999 | |c 430605 |d 462096 | ||
| 952 | |0 0 |6 T PJ 006636 M3A238M |7 0 |8 THESES |9 749877 |a IIUM |b IIUM |c MULTIMEDIA |g 0.00 |o t PJ6636M3A238M |p 00000295552 |r 2017-10-20 |t 1 |v 0.00 |y THESIS | ||
